| 000 | 00844cam a2200277 i 4500 | ||
|---|---|---|---|
| 001 | 1696 | ||
| 003 | BD-RjUL | ||
| 005 | 20211208233406.0 | ||
| 008 | 131208s1976 ii of b 001 0 eng d | ||
| 020 | _a0706904222 | ||
| 035 | _a(BD-RjUL)1723 | ||
| 040 |
_aDLC _cDLC _dBD-RjUL _beng |
||
| 041 | _aeng | ||
| 082 | 0 | 4 |
_a306.850954 _bFAM 1976 |
| 245 | 1 | 0 |
_aFamily and social change in modern India / _cGiri Raj Gupta. |
| 260 |
_aNew delhi : _bVikas publishing house, _cc1976. |
||
| 300 |
_axxxiv, 263 p. : _bill. ; _c23 cm. |
||
| 504 | _aIncludes bibliographies and index. | ||
| 650 | 0 |
_aFamilies _zIndia. _95621 |
|
| 650 | 0 |
_aMarriage (Hindu law) _95622 |
|
| 650 | 0 |
_aWomen _zIndia _xSocial conditions. _95623 |
|
| 942 |
_2ddc _cBK |
||
| 999 |
_c1696 _d1696 |
||